Concelhos de Bragança - Statistics

Estatísticas Gerais
  • Esse quiz foi jogado 117 vezes
  • A pontuação média é 8 de 12
Respostas no mapa
Respostas codificadas por cores de uma escala verde-vermelha no mapa do quiz de acordo com a % correta abaixo.
 
Estatísticas das Respostas
Resposta % Correto
Bragança
96%
Mirandela
73%
Vinhais
73%
Freixo de Espada à Cinta
69%
Miranda do Douro
69%
Macedo de Cavaleiros
65%
Torre de Moncorvo
65%
Vila Flor
65%
Mogadouro
62%
Vimioso
62%
Alfândega da Fé
54%
Carrazeda de Ansiães
50%
Nenhum quiz correspondente encontrado
Distribuição das Pontuações
Porcentagem de Pessoas com Cada Pontuação
Percentil de Números Respondidos
Sua Pontuação Histórica
Você não jogou esse quiz